000 00695nam a2200217Ia 4500
003 GCL
008 140319s9999 xx 000 0 ara d
040 _aGCL /
_cGCL
082 0 4 _a811.009
_bع ب
100 1 _aعبدالحميد عابدين
245 1 0 _aبين شاعرين مجددين ايليا ابو ماضى وعلى محود طه المهندس /
_cعبدالحميد عابدين
260 _a[S.N] :
_bمكتبة الخانجى
300 _a168 ص
490 _a
650 0 4 _aالشعر العربى
650 0 4 _aالادب العربى
650 0 4 _aالعصر الحديث
650 0 4 _aالشعراء العرب
650 0 4 _aتاريخ ونقد
942 _2ddc
_cBK
999 _c36789
_d36789